Vista normal
Vista MARC
- Enfermos de Alzheimer
Entrada Materia
Número de registros utilizados en: 1
001 - NÚMERO DE CONTROL
- campo de control: 1233
003 - IDENTIFICADOR DEL NÚMERO DE CONTROL
- campo de control: ES-MaFIAP
005 - FECHA Y HORA DE LA ÚLTIMA TRANSACCIÓN
- campo de control: 20231010120930.0
008 - DATOS DE LONGITUD FIJA
- campo de control de longitud fija: 231010|| aca||aabn | a|a d
040 ## - FUENTE DE LA CATALOGACIÓN
- Centro catalogador/agencia de origen: ES-MaFIAP
- Centro/agencia transcriptor: ES-MaFIAP
150 ## - ENCABEZAMIENTO--TÉRMINO DE MATERIA
- Término de materia o nombre geográfico como elemento de entrada: Enfermos de Alzheimer
- Subdivisión general: Rehabilitación
- Subdivisión geográfica: San Sebastián
- Subdivisión de forma: Estudios longitudinales
670 ## - FUENTE DE DATOS ENCONTRADOS
- Cita de la fuente: Work cat.: (ES-MaFIAP)298: Estudio longitudinal Donostia de enfermedad de Alzheimer, [2006]





